Char Ilmi Maqalat (Record no. 197)

MARC details
000 -LEADER
fixed length control field 00650nam a2200253 a 4500
020 ## - INTERNATIONAL STANDARD BOOK NUMBER
ISBN
082 00 - DEWEY DECIMAL CLASSIFICATION NUMBER
Classification number 629.1229
Author Cutter AKB
100 ## - MAIN ENTRY--AUTHOR NAME
Author name Akbarabadi, Sayeed Ahmed
245 ## - TITLE STATEMENT
Title Char Ilmi Maqalat
260 ## - PUBLICATION, DISTRIBUTION, ETC. (IMPRINT)
Place of publication Aligarh
Name of publisher Aligarh Muslim University
Year of publication 1967
300 ## - PHYSICAL DESCRIPTION
Number of Pages 102p
500 ## - GENERAL NOTE
General note includes index and biblioraphy
505 2# - FORMATTED CONTENTS NOTE
Formatted contents note light of islam series no.4
650 ## - SUBJECT ADDED ENTRY--TOPICAL TERM
Topical Term Quran-Surah-Hermaneutics
650 ## - SUBJECT ADDED ENTRY--TOPICAL TERM
Topical Term Islam-Tracts
942 ## - ADDED ENTRY ELEMENTS (KOHA)
Koha item type Books
700 1# -
-- Akbarabadi, Sayeed Ahmed
Holdings
Collection code Home library Current library Date acquired Cost, normal purchase price Full call number Accession Number Koha item type
  Henry Martyn Institute Library Henry Martyn Institute Library 06/12/2007 100.00 629.1229 AKB 03476 Books
                   Copyright © 2026 | Henry Martyn Institute | Hyderabad | TS-500052 | INDIA | Implemented by hmi.edu.in
Hit-Count:

Powered by Koha